Banderas LGBTIQ+ - Estadísticas

Estadísticas generales
  • Esta prueba ha sido intentada 304 veces
    227 desde el último reinicio
  • La puntuación promedio es 12 de 33
Estadísticas de respuestas
Imagen Hint Respuesta % Correcto
Mujeres que se sienten atraídas por otras mujeres Lesbianas
98%
Personas que se sienten atraídas por dos géneros Bisexuales
97%
Hombres que se sienten atraídos por otros hombres Gays
97%
Personas que sienten atracción sin importar el género Pansexuales
90%
Personas que no se identifican con el género que se les asignó al nacer Trans
80%
Personas que no sienten atracción sexual Asexuales
77%
Personas que no se identifican con la binaridad de género Personas No Binarias
69%
Personas que no sienten atracción romántica Personas Arrománticas
57%
Personas con características sexuales masculinas y femeninas Intersexuales
52%
Personas que se identifican con tres géneros Personas Trigénero
42%
Personas que no se identifican con ningún género Personas Agénero
40%
Personas que se identifica con dos géneros Personas Bigénero
40%
Personas que transicionan entre dos o más géneros Personas de Género Fluido
40%
Personas que no sienten atracción sexual hasta tener un vínculo emocional Demisexuales
33%
Persona que no siente atracción romántica ni sexual Arroace/Personas Arrománticas Asexuales
31%
Cualquier persona que no es Heterosexual, Cisgénero, Alorromántica y/o Alosexual Queer
29%
Personas que se sienten atraídas por más de dos géneros pero no por todos Polisexuales
26%
Personas que no sienten atracción romántica hasta tener un vínculo emocional Personas Demirrománticas
24%
Personas que sienten una identificación parcial con el género femenino Personas Demichica/Demimujer
20%
Personas que sienten una identificación parcial con el género masculino Personas Demichico/Demihombre
20%
Personas que se sienten atraídas por todos los géneros, pero más con unos que con otros Omnisexuales
19%
Personas que sienten una identificación parcial con determinado género Personas Demigénero
16%
Personas que no se identifican con la binaridad de género y que no se identifican con ninguna expresión de género Genderqueer/Persona Cuirgénero
15%
Personas que se identifican con todos los géneros Personas Pángenero
15%
Personas que se identifican con más de dos géneros pero no con todos Personas Poligénero
13%
Personas cuya orientación es cambiante o fluida Abrosexuales
10%
Personas que tienen poca atracción sexual Personas Grisexuales
10%
Persona que tiene poca atracción romántica Personas Grisrrománticas
8%
Personas con neutralidad de género Neutrois
4%
Personas que sienten atracción romántica sólo si no hay una conexión profunda Personas Frayrrománticas
4%
Personas que sienten atracción sexual sólo si no hay una conexión profunda Personas Fraysexuales
4%
Personas a las que solo le atraen las personas no binarias y genderqueer Ceterosexuales/Escoliosexuales
3%
Persona cuyo género no es masculino, femenino, neutro ni agénero, si no algo completamente independiente Maveriques
3%
No se encontraron pruebas coincidentes
Distribución de puntuación
Porcentaje de gente con cada puntuación
Porcentaje por número respondido
Historial de tus puntuaciones
No has intentado esta prueba desde el último reinicio